100 неща, които те не искат да знаете (Запис номер 440804)
[ съкратено ]
| 000 -Лидер | |
|---|---|
| Контролно поле с фиксирана дължина | 01034nam a22002897a 4500 |
| 003 - Код на организацията, давaща контролен номер | |
| Контролно поле | BLK |
| 005 - Дата и час на последна редакция | |
| Контролно поле | 20250213093228.0 |
| 008 - Елементи от данни с фиксирана дължина | |
| fixed length control field | 210317b bu ||||| |||| 00| 0 bu d |
| 020 ## - Международен стандартен номер на книга ISBN | |
| Международен стандартен номер на книга ISBN | 9789542836520 |
| 040 ## - Източник на каталожния запис | |
| Идентификатор на билиотеката - собственик на записа | BLK |
| 041 ## - Код за език | |
| Код за езика на текст/звукозапис или на отделно заглавие | Български |
| Код за езика КДБФ | Български |
| 080 ## - УДК | |
| УДК код - определител по УДК | 001.9 |
| УДК - код + определител | 001.9 |
| 100 ## - Редна дума - Автор | |
| R(LIN) | 436496 |
| Автор | Смит, Даниел |
| Авторска отговорност | първи автор |
| 139 ## - Редно поле | |
| Редна дума | Смит, Даниел |
| Авторски знак | Сми - С 47 |
| 245 ## - Сведения за заглавието | |
| Заглавие | 100 неща, които те не искат да знаете |
| Редно поле (дума) | Даниел Смит; прев. Деян Кючуков |
| 257 ## - Страна на издаване | |
| Страна на създаване/издаване | Съединени американски щати |
| 260 ## - Област на издателските данни | |
| 9 (RLIN) | 217021 |
| Място на издаване, разпространение и проч. | София |
| Име на издателя, разпространителя и проч. | Сиела Норма |
| Година на издаване | 2021 |
| Издателство - префикс ISBN | 978-954-28- |
| 300 ## - Физическа характеристика | |
| Страници | 249 с. |
| Илюстрации и др. | със сн.. |
| Размери/Мащаб | 24 см |
| 380 ## - Жанр | |
| Жанр | Общ отдел |
| 650 #7 - Допълнително описание по предмет – тема | |
| 9 (RLIN) | 159180 |
| Основно описание – тема или топоним | Конспирации |
| 653 #7 - Ключова дума – ненормативна | |
| 9 (RLIN) | 186740 |
| Ключова дума | загадки |
| 700 ## - Други автори (авторска отговорност) | |
| Лично име | Кючуков, Деян Любомиров |
| Дати, свързани с автора | 1969- |
| Автороска отговорност (Описва отношението между автора и произведението) | прев. от англ. |
| 9 (RLIN) | 469012 |
| 730 ## - Точка за достъп--Унифицирано заглавие | |
| Заглавие на произведението | 100 Things They Don't Want You to Know |
| 9 (RLIN) | 443342 |
| 999 ## - СИСТЕМНИ КОНТРОЛНИ НОМЕРА | |
| Koha biblionumber | 440804 |
| Koha biblioitemnumber | 440804 |
| 942 ## - АРТИКУЛИ | |
| Вид на библиотечния материал | Книги |
| Скрит в OPAC | Не |
| Периодичен библиозапис | Да |
| Koha issues (borrowed), all copies | 14 |
| 944 ## - СЪЗДАВАНЕ И РЕДАКЦИЯ на ЗАПИСА | |
| Служител, извършил регистрацията/редакцията | 30575 |
| Статус, дата на статуса | Мартин Енчев |
| 999 ## - СИСТЕМНИ КОНТРОЛНИ НОМЕРА | |
| Koha biblioitemnumber | 440804 |
| Код за отписване | Код за изгубен артикул | Източник на класификационната схема | Код за повреда | Коз за рестрикции | Код за отдаване | Артикулен № | Име на библиотеката - собственик | Име на библиотеката, в която се намира в момента | Статус (Текущо местоположение) | Дата на вписване в системата | Местоположение - отдел | Цена в лева | Систематично азбучна сигнатура | Баркод | Цена в евро | Служебен тип на артикула |
|---|---|---|---|---|---|---|---|---|---|---|---|---|---|---|---|---|
| Не е изгубен | Universal Decimal Classification | Не е повреден | без рестрикции | заемане за дома | 865939 | Регионална библиотека "Любен Каравелов" Русе | Регионална библиотека "Любен Каравелов" Русе | Заемна - подръчен фонд | 2021-12-20 | Заемна - подръчен фонд | 17.43 | 001.9/С 47 Д | 120000863408 | 8.91 | Книги |